00213nam a2200085Ia 4500008004100000082001300041100002400054245003700078300001200115230907s9999||||xx |||||||||||||| ||und|| a612bTOR aTortora, Gerard J., 0aIntroduction to the human body : a563 p :